000 01629nam2a2200313 4500
001 RU\NLR\BIBL_A\022347495
005 20251003104854.0
010 _a978-5-00217-372-3
_930
021 _aRU
_bКН-П-24-049330
_9КН-П-24-4902
035 _a(NLR Aleph) 022347495
090 _a13259512
_c13259512
100 _a20241009d2024 k y0rusy50 ca
101 0 _arus
102 _aRU
105 _aa z 000yy
200 1 _aРадиационная радиография и томография
_aНейтроны и исследование геофизических скважин
210 _d2024
215 _a176 с.
_cил., цв. ил., табл.
320 _aБиблиогр. в конце гл.
461 0 _1001RU\NLR\BIBL_A\022061503
_12001#$aИзбранные лекции по нейтронной физике$fБармаков Ю. Н., Микеров В. И., Юрков Д. И.$vКн. 2
_1700#1$aБармаков$bЮ. Н.$f1932-$gЮрий Николаевич
_912629121
_aБармаков, Ю. Н. (1932-)
_cМосква
_d2023
_fБармаков Ю. Н., Микеров В. И., Юрков Д. И.
_nЭдитус
_tИзбранные лекции по нейтронной физике
_vКн. 2
606 1 _aНейтронные генераторы
_91363721
_3RU\NLR\AUTH\66256476
606 1 _aКаротаж радиоактивный
_91351744
_3RU\NLR\AUTH\66249951
606 1 _aКаротаж нейтронный
_91261902
_3RU\NLR\AUTH\66518187
686 1 _aД443.426
686 1 _aВ381.25
942 _cBOOK
980 _aNB